00267nam a2200109Ia 4500008004100000100001600041245004300057260001900100260000900119546001200128999001700140170619s9999 xx 000 0 und d aSpiegel M R 0aTheory & problems of advanced calculus bNew Delhi: TMH c1963 aENGLISH c16399d16399